Farmakognózia učebnica pre farmaceutické fakulty
Enregistré dans:
| Auteurs principaux: | , , , , , , |
|---|---|
| Format: | Livre |
| Langue: | slovaque |
| Publié: |
Martin
Osveta
1999
|
| Édition: | 2. opr. vyd. |
| Sujets: | |
| Accès en ligne: | Voir à l'OPAC |
| Tags: |
Pas de tags, Soyez le premier à ajouter un tag!
|
MARC
| LEADER | 00000cam a2200000 a 4500 | ||
|---|---|---|---|
| 005 | 20260127134131.0 | ||
| 008 | 160208s1999 xo a rnp 00000 slo | ||
| 015 | |a SNBA1999/11-03962 | ||
| 020 | |a 8080630143 | ||
| 035 | |a vtls001368707 | ||
| 035 | |a SNK000322415 | ||
| 035 | |a urn:nbn:sk:snk-amkjto | ||
| 035 | |a urn:nbn:sk:snk-am008i13 | ||
| 035 | |a 5ADC5F2B-8539-407D-954A-E2135E0996A4 | ||
| 039 | 9 | |a 201602081731 |b VLOAD |c 201601291043 |d VLOAD |c 201502171051 |d VLOAD |c 201402271511 |d csnk01 |y 200412281551 |z VLOAD | |
| 040 | |a SNK |b slo |c SNK |d STUSCHK1 |e AACR2 | ||
| 041 | 0 | |a slo | |
| 044 | |a xo |c SK | ||
| 100 | 1 | |a Tomko, Jozef, |d 1921- |9 902 | |
| 245 | 1 | 0 | |a Farmakognózia |b učebnica pre farmaceutické fakulty |c [Jozef Tomko a kolektív] |
| 250 | |a 2. opr. vyd. | ||
| 260 | |a Martin |b Osveta |c 1999 | ||
| 300 | |a 422 s. |b sch. |c 25 cm | ||
| 504 | |a Bibliogr.: s. 406. ; registre | ||
| 650 | 0 | 7 | |a farmakognózia |2 SNKPH |
| 655 | 7 | |a učebnice vysokých škôl |2 SNK | |
| 700 | 1 | |a Kresánek, Jaroslav, |d 1921- |4 aut |9 879 | |
| 700 | 1 | |a Hubík, Josef, |d 1922-1992 |4 aut |9 1220 | |
| 700 | 1 | |a Suchý, Václav |4 aut | |
| 700 | 1 | |a Felklová, Melanie, |d 1926- |4 aut |9 274 | |
| 700 | 1 | |a Sikyta, Bohumil, |d 1932- |4 aut |9 393 | |
| 700 | 1 | |a Libický, Antonín, |d 1924- |4 aut |9 941 | |
| 910 | |a snk | ||
| 919 | |a 80-8063-014-3 | ||
| 958 | |a OND | ||
| 958 | |a MI | ||
| 958 | |a NB | ||
| 999 | |c 4835 |d 4835 | ||